Statistics for Five Biggest English Speaking Countries by Continent

Click here to take the quiz!

General Stats

  • This quiz has been taken 1,230 times
  • The average score is 23 of 30

Answer Stats

Continent#Country% Correct
Europe64.0United Kingdom
97%
North America298.4United States
96%
North America28.4Canada
96%
Oceania3.7New Zealand
94%
Oceania17.4Australia
94%
Africa16.4South Africa
93%
Europe51.6Germany
90%
Europe25.5France
90%
Asia125.2India
89%
South America10.5Brazil
89%
South America2.8Argentina
87%
Asia13.1China
85%
North America15.7Mexico
85%
South America2.0Colombia
81%
Europe20.3Italy
81%
Oceania0.2Fiji
80%
Africa82.9Nigeria
80%
Oceania3.2Papua New Guinea
75%
South America0.7Guyana
74%
North America2.7Jamaica
73%
Africa28.1Egypt
72%
Asia92.3Pakistan
72%
South America0.4Suriname
68%
Europe15.0Netherlands
67%
Africa8.1Kenya
63%
Asia57.3Philippines
55%
Oceania0.2Vanuatu
51%
North America1.1Trinidad and Tobago
48%
Asia17.1Thailand
48%
Africa18.0Ghana
42%

Score Distribution

Percentile by Number Answered

Percent of People with Each Score

Your Score History

You have not taken this quiz